=LDR 00000nam 2200000 4500 =001 $a INLIS000000000008551 =005 $a 20260629143658 =008 $a 260629################g##########0#ind## =022 ##$$a 979-442-337-8 =035 ##$$a 0010-0626000178 =082 ##$$a 658.322 =084 ##$$a 658.322 SAI m =100 #$$a Saifuddin Bachrun =245 ##$$a menyusun penggajian berbasis kinerja $b dalam praktik $c Saifuddin Bachrun =247 ##$$a =260 ##$$a Jakarta $b PPM $c 2011 =300 ##$$a xvi; 168 hlm. $b ilus. $c 21 cm. $e =310 ##$$a =321 ##$$a =520 #$$a =650 #$$a Gaji =700 #$$a =856 ##$$a =Wor $a 1